000 00537nam a22001577a 4500
003 macl
005 20181212124024.0
008 181212b xxu||||| |||| 00| 0 eng d
040 _cmacl
082 _a891.433/S/THA
100 _aठाकुर ,डाॅ सूरत
_973369
245 _aहिमाचल की मनाेरंजक लोककथाऍ
260 _aदिल्‍ली
_bपुस्‍तक प्रतिष्‍ठान
_c2015
650 _aलो‍क कथाऍ
_936771
942 _2ddc
_cHIN
999 _c58687
_d58687